| 000 | 01310nam a2200373 c 4500 | ||
|---|---|---|---|
| 001 | 44940 | ||
| 003 | ES-MaCES | ||
| 005 | 20161007194119.0 | ||
| 008 | 140723s2014 sp | 000 | spa d | ||
| 040 |
_aES-MaCES _bspa _cES-MaCES |
||
| 041 | 0 |
_aspa _aeng |
|
| 100 | 1 |
_aJódar Rosell, Sandra _915472 |
|
| 245 | 1 | 3 |
_aLa prociclicidad del sistema financiero tras las reformas _cSandra Jódar-Rosell, Jordi Gual |
| 260 |
_aBarcelona _bLa Caixa, Estudios y Análisis Económico _c[2014] |
||
| 300 |
_a22 p. _bgráf. col. _c30 cm |
||
| 490 | 1 |
_aDocumentos de economía "la Caixa" _v27-en. 2014 |
|
| 500 | _aResumen en español e inglés | ||
| 504 | _aBibliografía: p. 21-22 | ||
| 541 | _cGratuito | ||
| 650 | 4 |
_amercado financiero _928150 |
|
| 650 | 4 |
_aciclo económico _927099 |
|
| 650 | 4 |
_apolítica crediticia _928109 |
|
| 650 | 4 |
_aactividad bancaria _928105 |
|
| 650 | 4 |
_aactividad bancaria _928105 |
|
| 650 | 4 |
_amecanismo de control _929918 |
|
| 650 | 4 |
_areforma legislativa _929892 |
|
| 650 | 4 |
_927235 _agrupo de intereses |
|
| 653 | 1 | 0 | _aFinanciación |
| 700 | 1 |
_914187 _aGual Solé, Jordi |
|
| 710 | 2 |
_aCaja de Ahorros y Pensiones de Barcelona _eed. _91688 |
|
| 830 | 0 |
_aDocumentos de economía "la Caixa" _v27-en. 2014 _934234 |
|
| 902 | _aDOC Literatura gris | ||
| 942 |
_2CES _cBK _h0.0. |
||
| 999 |
_c44940 _d44940 |
||